| 000 | 01109pam a2200313 a 4500 | ||
|---|---|---|---|
| 001 | 3368679 | ||
| 003 | OSt | ||
| 005 | 20220119012417.0 | ||
| 008 | 870930s1988 nyua j 001 0 eng | ||
| 010 | _a 87027576 | ||
| 020 | _a0827332483 | ||
| 020 | _a0827332491 (instructor's guide) | ||
| 040 |
_aMMU _cMMU _dMMU _beng |
||
| 042 | _alcac | ||
| 050 | 0 | 0 |
_aT47 _b.H253 1988 |
| 082 | 0 | 0 |
_a600 _219 |
| 100 | 1 | _aHacker, Michael. | |
| 245 | 1 | 0 |
_aLiving with technology / _cMichael Hacker, Robert A. Barden. |
| 260 |
_aAlbany, N.Y. : _bDelmar Publishers, _cc1988. |
||
| 300 |
_axv, 560 p. : _bcol. ill. ; _c27 cm. |
||
| 440 | 0 | _aDelmar technology series | |
| 500 | _aIncludes index. | ||
| 520 | _aA textbook examining the history of technology and its impact in such areas as communication, industry, transportation, and medicine. Also discusses the effects of further technological developments on the future. | ||
| 650 | 0 |
_aTechnology _xJuvenile literature. |
|
| 650 | 1 | _aTechnology. | |
| 700 | 1 | _aBarden, Robert A. | |
| 906 |
_a7 _bcbc _corignew _d1 _eocip _f19 _gy-gencatlg |
||
| 942 |
_2lcc _cLOAN LOAN |
||
| 999 |
_c17449 _d17449 |
||